[Event "Niedersachsen-ch"]
[Site "Verden"]
[Date "2006.01.07"]
[Round "6"]
[White "Laake, Tamara"]
[Black "Paetzold, Julius"]
[Result "1-0"]
[WhiteElo "1489"]
[BlackElo "1152"]
[PlyCount "51"]
[EventDate "2006.01.??"]
[EventType "swiss"]
[EventRounds "7"]
[EventCountry "GER"]
[SourceTitle "CBM 110 Extra"]
[Source "ChessBase"]
[SourceDate "2006.03.10"]
[SourceVersion "2"]
[SourceVersionDate "2006.03.10"]
[SourceQuality "1"]

1. e4 e5 2. Nf3 Nc6 3. Bb5 a6 4. Ba4 Nf6 5. 0-0 b5 6. Bb3 d6 7. Re1 Be7 8. h3 0-0 9. c3 Be6 10. d4 Bxb3 11. Qxb3 Na5 12. Qc2 Nd7 13. Be3 Nc4 14. b3 Nxe3 15. Rxe3 Bg5 16. Nxg5 Qxg5 17. Nd2 c6 18. Nf3 Qg6 19. Nh4 Qg5 20. Nf5 Qf6 21. Rd1 g6 22. Nh6+ Kg7 23. Ng4 Qe7 24. Rg3 Nf6 25. Ne3 exd4 26. Nf5+ 1-0

[Event "Niedersachsen-ch U14"]
[Site "Borkum"]
[Date "2004.04.06"]
[Round "6"]
[White "Juenemann, Marcel"]
[Black "Laake, Tamara"]
[Result "1/2-1/2"]
[WhiteElo "1378"]
[BlackElo "1388"]
[PlyCount "52"]
[EventDate "2004.04.??"]
[EventType "swiss"]
[EventRounds "9"]
[EventCountry "GER"]
[SourceTitle "EXT 2005"]
[Source "ChessBase"]
[SourceDate "2004.11.15"]
[SourceVersion "1"]
[SourceVersionDate "2004.11.15"]
[SourceQuality "1"]

1. e4 e5 2. Nf3 d6 3. d4 exd4 4. Nxd4 Nf6 5. Nc3 Be7 6. Bc4 0-0 7. 0-0 Re8 8. Re1 Nbd7 9. Bf4 Bf8 10. f3 Nh5 11. Be3 Ne5 12. Bb3 Qh4 13. Qd2 h6 14. Nd5 Qd8 15. Qa5 c6 16. Qxd8 Rxd8 17. Nc3 Re8 18. Rad1 Be6 19. Nxe6 fxe6 20. Rd2 Nf6 21. Bf4 Nfd7 22. Ne2 d5 23. Bxe5 Nxe5 24. Nf4 Kf7 25. Rde2 Bd6 26. Nd3 Nxd3 1/2-1/2

[Event "Niedersachsen-ch U14"]
[Site "Borkum"]
[Date "2004.04.05"]
[Round "4"]
[White "Laake, Tamara"]
[Black "Geis, Raoul Marian"]
[Result "1-0"]
[WhiteElo "1388"]
[BlackElo "1320"]
[PlyCount "57"]
[EventDate "2004.04.??"]
[EventType "swiss"]
[EventRounds "9"]
[EventCountry "GER"]
[SourceTitle "EXT 2005"]
[Source "ChessBase"]
[SourceDate "2004.11.15"]
[SourceVersion "1"]
[SourceVersionDate "2004.11.15"]
[SourceQuality "1"]

1. e4 e6 2. d4 d5 3. Nd2 Nf6 4. e5 Nfd7 5. Bd3 c5 6. c3 Nc6 7. Ne2 Qb6 8. Nf3 Be7 9. 0-0 f6 10. exf6 Nxf6 11. Re1 Bd6 12. a3 Bd7 13. Rb1 a5 14. Nf4 Ke7 15. Bf5 Bxf4 16. Bxf4 g6 17. Bc2 Rhe8 18. Bg5 Kf7 19. Ne5+ Nxe5 20. dxe5 Nh5 21. g4 Ng7 22. Qf3+ Kg8 23. Bf6 Rf8 24. Qh3 Ne8 25. g5 Nxf6 26. gxf6 Qc6 27. Qh6 Rf7 28. Re3 d4 29. Rh3 1-0

[Event "GER-ch U14 Girls"]
[Site "Willingen"]
[Date "2003.06.13"]
[Round "8"]
[White "Laake, Tamara"]
[Black "Saak, Sarah"]
[Result "0-1"]
[WhiteElo "1486"]
[BlackElo "1611"]
[PlyCount "140"]
[EventDate "2003.06.08"]
[EventType "swiss"]
[EventRounds "9"]
[EventCountry "GER"]
[SourceTitle "CBM 094 Extra"]
[Source "ChessBase"]
[SourceDate "2003.07.09"]
[SourceVersion "2"]
[SourceVersionDate "2003.07.09"]
[SourceQuality "1"]

1. e4 e6 2. d4 d5 3. Nd2 dxe4 4. Nxe4 Nd7 5. Nf3 Ngf6 6. Bd3 Nxe4 7. Bxe4 Nf6 8. Bg5 Be7 9. Bxf6 Bxf6 10. Qe2 0-0 11. 0-0-0 Rb8 12. Bd3 Qd5 13. c4 Qc6 14. Kb1 b6 15. h4 a5 16. Bxh7+ Kxh7 17. Ng5+ Kg8 18. Qh5 Re8 19. Qxf7+ Kh8 20. Qh5+ Kg8 21. d5 exd5 22. Qh7+ Kf8 23. cxd5 Qd7 24. Ne6+ Kf7 25. Ng5+ Bxg5 26. Qh5+ Kf8 27. hxg5 Qf5+ 28. Ka1 Bb7 29. Qh8+ Kf7 30. Qh5+ Qg6 31. Qf3+ Kg8 32. Rh2 Rf8 33. Qb3 Qd6 34. Rdh1 Kf7 35. Qf3+ Ke7 36. Qe4+ Kd7 37. Qg4+ Kd8 38. Rh7 Bc8 39. Qd4 g6 40. Qg7 Bd7 41. Re1 Kc8 42. f3 Rd8 43. Re7 Qxd5 44. Re1 Qxg5 45. Rg1 Qe3 46. Rgh1 Qe6 47. Rc1 Kb7 48. Qc3 Rbc8 49. Rh4 Qd6 50. Rc4 Bb5 51. Rg4 Bd7 52. Rc4 Bf5 53. Rc6 Qd7 54. Qc4 Re8 55. a3 Re6 56. Rxe6 Qxe6 57. Qxe6 Bxe6 58. f4 Rd8 59. Rg1 Rd2 60. g3 Bd5 61. Kb1 Rg2 62. Rxg2 Bxg2 63. Kc2 Kc6 64. Kd3 Kd5 65. Kd2 Kd4 66. Ke2 Kc4 67. g4 Kb3 68. f5 gxf5 69. gxf5 Kxb2 70. f6 Bd5 0-1

[Event "GER-ch U14 Girls"]
[Site "Willingen"]
[Date "2003.06.10"]
[Round "4"]
[White "Goergen, Barbara"]
[Black "Laake, Tamara"]
[Result "0-1"]
[WhiteElo "1526"]
[BlackElo "1486"]
[PlyCount "78"]
[EventDate "2003.06.08"]
[EventType "swiss"]
[EventRounds "9"]
[EventCountry "GER"]
[SourceTitle "CBM 094 Extra"]
[Source "ChessBase"]
[SourceDate "2003.07.09"]
[SourceVersion "2"]
[SourceVersionDate "2003.07.09"]
[SourceQuality "1"]

1. e4 e5 2. Nf3 d6 3. d4 exd4 4. Nxd4 Nf6 5. Nc3 Be7 6. Bc4 0-0 7. f3 Re8 8. Be3 Bf8 9. Qd2 c6 10. a4 Nbd7 11. 0-0-0 Ne5 12. Ba2 Qa5 13. Qe2 a6 14. Nb3 Qc7 15. a5 c5 16. h3 b6 17. axb6 Qxb6 18. Nd2 Rb8 19. Bb3 Be6 20. Na4 Qa5 21. Bxe6 Qxa4 22. Bb3 Qa1+ 23. Nb1 c4 24. Bxc4 Qxb2+ 25. Kd2 Qb4+ 26. c3 Qxc4 27. Qxc4 Nxc4+ 28. Ke2 Nxe3 29. Kxe3 d5 30. Nd2 dxe4 31. Nxe4 Nxe4 32. fxe4 Bc5+ 33. Kf3 Red8 34. Rd5 Rxd5 35. exd5 Rb3 36. Re1 Rxc3+ 37. Kf4 Bd6+ 38. Kg4 Kf8 39. Ra1 Ra3 0-1

[Event "GER-ch U14 Girls"]
[Site "Willingen"]
[Date "2003.06.10"]
[Round "6"]
[White "Leinenbach, Janine"]
[Black "Laake, Tamara"]
[Result "1-0"]
[WhiteElo "1360"]
[BlackElo "1486"]
[PlyCount "73"]
[EventDate "2003.06.08"]
[EventType "swiss"]
[EventRounds "9"]
[EventCountry "GER"]
[SourceTitle "CBM 094 Extra"]
[Source "ChessBase"]
[SourceDate "2003.07.09"]
[SourceVersion "2"]
[SourceVersionDate "2003.07.09"]
[SourceQuality "1"]

1. c4 e5 2. Nc3 d6 3. g3 g6 4. Bg2 Bg7 5. e3 Nc6 6. Nge2 f5 7. d4 Nf6 8. f4 Qe7 9. 0-0 0-0 10. Re1 e4 11. d5 Nb4 12. Nd4 Nd3 13. Re2 h6 14. Bd2 Nxb2 15. Qb3 Nd3 16. Na4 Qf7 17. Bc3 g5 18. Nb2 Nxb2 19. Rxb2 Ng4 20. fxg5 hxg5 21. Re2 Bxd4 22. Bxd4 Qh5 23. h3 Ne5 24. Rf2 Nd3 25. Rff1 b6 26. Qa4 Bb7 27. Qd7 Rf7 28. Qe6 Raf8 29. g4 fxg4 30. hxg4 Qh7 31. Bxe4 Bc8 32. Bxh7+ Kxh7 33. Rxf7+ Rxf7 34. Qxf7+ Kh6 35. Bg7+ Kh7 36. Bf8+ Kh8 37. Qg7# 1-0

[Event "GER-ch U14 Girls"]
[Site "Willingen"]
[Date "2003.06.09"]
[Round "3"]
[White "Laake, Tamara"]
[Black "Hofmann, Christine"]
[Result "0-1"]
[WhiteElo "1486"]
[BlackElo "1445"]
[PlyCount "56"]
[EventDate "2003.06.08"]
[EventType "swiss"]
[EventRounds "9"]
[EventCountry "GER"]
[SourceTitle "CBM 094 Extra"]
[Source "ChessBase"]
[SourceDate "2003.07.09"]
[SourceVersion "2"]
[SourceVersionDate "2003.07.09"]
[SourceQuality "1"]

1. e4 e6 2. d4 d5 3. Nd2 dxe4 4. Nxe4 Nd7 5. Nf3 Ngf6 6. Bg5 Be7 7. Nxf6+ Nxf6 8. c3 0-0 9. Bd3 b6 10. 0-0 Bb7 11. Ne5 Qd5 12. f3 Qd6 13. Bc2 c5 14. Qd3 g6 15. Rae1 a5 16. Rf2 cxd4 17. cxd4 Rfd8 18. Rd2 Nd5 19. Bxe7 Qxe7 20. Rdd1 Qg5 21. Qe2 Nf4 22. Qd2 f6 23. Ng4 h5 24. Ne3 Bxf3 25. h4 Qg3 26. Nf1 Nh3+ 27. Kh1 Nf2+ 28. Kg1 Qxg2# 0-1

[Event "Niedersachsen-chT U12"]
[Site "Verden"]
[Date "2002.06.18"]
[Round "7.2"]
[White "Funck, Alexander"]
[Black "Laake, Tamara"]
[Result "0-1"]
[WhiteElo "1089"]
[BlackElo "1274"]
[PlyCount "66"]
[EventDate "2002.06.15"]
[EventType "team"]
[EventRounds "7"]
[EventCountry "GER"]
[SourceTitle "EXT 2003"]
[Source "ChessBase"]
[SourceDate "2002.11.25"]
[SourceVersion "1"]
[SourceVersionDate "2002.11.25"]
[SourceQuality "1"]

1. d4 d5 2. c4 e6 3. Nc3 Nf6 4. Bg5 Be7 5. Nf3 0-0 6. e3 c6 7. Bd3 dxc4 8. Bxc4 Nbd7 9. 0-0 Nb6 10. Bd3 h6 11. Bh4 Nbd5 12. Nxd5 Nxd5 13. Bxe7 Qxe7 14. a3 Bd7 15. Qe2 Rac8 16. Ne5 c5 17. dxc5 Rxc5 18. Bg6 Nc3 19. bxc3 Rxe5 20. Bd3 Rc8 21. c4 Bc6 22. f4 Ra5 23. Qb2 Rd8 24. Be2 Qc5 25. Qc1 Ra4 26. Kh1 Be4 27. Bf3 Rxc4 28. Qe1 Bxf3 29. Rxf3 Rd3 30. Rd1 Rxd1 31. Qxd1 Rc1 32. Rf1 Rxd1 33. Rxd1 Qxe3 0-1

[Event "GER-ch U12"]
[Site "Winterberg"]
[Date "2002.05.24"]
[Round "10"]
[White "Wassilian, Diana"]
[Black "Laake, Tamara"]
[Result "1-0"]
[WhiteElo "1341"]
[BlackElo "1222"]
[PlyCount "59"]
[EventDate "2002.05.19"]
[EventType "swiss"]
[EventRounds "11"]
[EventCountry "GER"]
[SourceTitle "CBM 088 Extra"]
[Source "ChessBase"]
[SourceDate "2002.07.01"]
[SourceVersion "2"]
[SourceVersionDate "2002.07.01"]
[SourceQuality "1"]

1. e4 e5 2. Nf3 d6 3. Bc4 Be7 4. Nc3 Nf6 5. d3 0-0 6. h3 h6 7. 0-0 Re8 8. Be3 Bf8 9. Nh2 Be6 10. Bb3 Bxb3 11. axb3 a6 12. f4 exf4 13. Bxf4 Nc6 14. Qf3 Qd7 15. Bxh6 Ne5 16. Qg3 Qe6 17. Bg5 Nh7 18. Nd5 Rac8 19. Bh4 Kh8 20. Rf2 c6 21. Nf4 Qd7 22. d4 Ng6 23. Nxg6+ fxg6 24. Qxg6 Re6 25. Qf5 Rce8 26. Raf1 Qc7 27. Rf4 Qb6 28. c3 Qxb3 29. Qh5 Rh6 30. Qxe8 1-0

[Event "GER-ch U12"]
[Site "Winterberg"]
[Date "2002.05.20"]
[Round "4"]
[White "Armbruester, Clemens"]
[Black "Laake, Tamara"]
[Result "1-0"]
[WhiteElo "1292"]
[BlackElo "1222"]
[PlyCount "179"]
[EventDate "2002.05.19"]
[EventType "swiss"]
[EventRounds "11"]
[EventCountry "GER"]
[SourceTitle "CBM 088 Extra"]
[Source "ChessBase"]
[SourceDate "2002.07.01"]
[SourceVersion "2"]
[SourceVersionDate "2002.07.01"]
[SourceQuality "1"]

1. e4 e5 2. Nf3 d6 3. Bc4 Be7 4. Nc3 Nf6 5. d3 0-0 6. 0-0 Nbd7 7. h3 c6 8. Be3 b5 9. Bb3 h6 10. a3 Re8 11. d4 exd4 12. Nxd4 Qc7 13. Nf5 Bf8 14. Bf4 Ne5 15. Ng3 Bd7 16. Qe2 Rad8 17. Rad1 Bc8 18. Rd2 Ng6 19. Be3 a5 20. Rfd1 b4 21. axb4 axb4 22. Na4 c5 23. Qd3 Ne5 24. Qe2 Bb7 25. f3 Bc8 26. Kh2 Be6 27. Bxe6 fxe6 28. b3 Nf7 29. Bf4 e5 30. Be3 Qc6 31. c4 Qc7 32. Rd3 Qc6 33. Qd2 Qc7 34. Nf5 Qb8 35. Qc1 Qc7 36. R1d2 g6 37. Ng3 Qb8 38. Qd1 Qc7 39. Nh1 Qb8 40. Nf2 h5 41. Kg1 Qc7 42. Qc1 Qb8 43. Nd1 Qc7 44. Bf2 Qb8 45. Ne3 Qc7 46. Qd1 Qb8 47. Bh4 Be7 48. Bxf6 Bxf6 49. Nd5 Be7 50. Nab6 Kg7 51. Ra2 Bf8 52. Ra1 Qb7 53. Rd2 Re6 54. Rda2 Ree8 55. Ra7 Qb8 56. Ra8 Qb7 57. R1a7 Qxa8 58. Rxa8 Rxa8 59. Nxa8 Rxa8 60. Kf2 Ra2+ 61. Kg1 Nd8 62. Kh2 Ne6 63. Qc1 Nd4 64. Qd1 Ra3 65. Nc7 Rxb3 66. Nb5 Rb2 67. Nxd4 exd4 68. Kg1 Ra2 69. Qb1 Ra7 70. Kf2 Rb7 71. f4 Kf6 72. g4 Bh6 73. g5+ Bxg5 74. fxg5+ Kxg5 75. Kg3 b3 76. Qb2 d3 77. Kf2 Kf4 78. Qd2+ Kxe4 79. Qe3+ Kf5 80. Qxd3+ Ke5 81. Qe3+ Kf5 82. Qf3+ Kg5 83. Qxb7 Kh4 84. Qxb3 Kg5 85. Qg3+ Kf5 86. Qxd6 g5 87. Qxc5+ Kf4 88. Qf8+ Ke5 89. Qh8+ Kf5 90. Qxh5 1-0

[Event "GER-ch U12"]
[Site "Winterberg"]
[Date "2002.??.??"]
[Round "1"]
[White "Laake, Tamara"]
[Black "Fichter, Fabian"]
[Result "0-1"]
[WhiteElo "1222"]
[BlackElo "1528"]
[PlyCount "48"]
[EventDate "2002.05.19"]
[EventType "swiss"]
[EventRounds "11"]
[EventCountry "GER"]
[SourceTitle "CBM 088 Extra"]
[Source "ChessBase"]
[SourceDate "2002.07.01"]
[SourceVersion "2"]
[SourceVersionDate "2002.07.01"]
[SourceQuality "1"]

1. e4 c5 2. Nf3 e6 3. d4 cxd4 4. Nxd4 Nf6 5. Nc3 Bb4 6. Bd3 Bxc3+ 7. bxc3 Nc6 8. Be3 0-0 9. 0-0 b6 10. f4 Bb7 11. e5 Nd5 12. Bd2 d6 13. Qe2 dxe5 14. fxe5 Nde7 15. Nxc6 Nxc6 16. Rae1 Qd5 17. Bf4 Ne7 18. Rf3 Qc5+ 19. Re3 Nd5 20. Qg4 Nxe3 21. Bxe3 Qxc3 22. Rf1 Rad8 23. Bg5 Qd4+ 24. Qxd4 Rxd4 0-1

[Event "GER-chT U12"]
[Site "Seifhennersdorf"]
[Date "2001.12.29"]
[Round "5.4"]
[White "Ries, Carlos"]
[Black "Laake, Tamara"]
[Result "1/2-1/2"]
[WhiteElo "800"]
[BlackElo "1155"]
[PlyCount "43"]
[EventDate "2001.12.27"]
[EventType "team"]
[EventRounds "7"]
[EventCountry "GER"]
[SourceTitle "EXT 2003"]
[Source "ChessBase"]
[SourceDate "2002.11.25"]
[SourceVersion "1"]
[SourceVersionDate "2002.11.25"]
[SourceQuality "1"]

1. e4 e5 2. Nf3 d6 3. d4 exd4 4. Nxd4 Nf6 5. Nc3 Be7 6. Bd3 0-0 7. 0-0 h6 8. Re1 c6 9. Nf5 Bxf5 10. exf5 d5 11. a3 Bd6 12. Be3 Qc7 13. h3 Nbd7 14. Qf3 Ne5 15. Qe2 Rfe8 16. Bd4 a6 17. Bxe5 Bxe5 18. Qd2 Nh5 19. Rab1 Nf4 20. Ne2 Rad8 21. g3 Nxh3+ 22. Kg2 1/2-1/2

[Event "GER-ch U12"]
[Site "Willingen"]
[Date "2001.06.09"]
[Round "11"]
[White "Busch, Catharina"]
[Black "Laake, Tamara"]
[Result "1/2-1/2"]
[WhiteElo "1192"]
[BlackElo "1071"]
[PlyCount "33"]
[EventDate "2001.06.03"]
[EventType "swiss"]
[EventRounds "11"]
[EventCountry "GER"]
[SourceTitle "EXT 2003"]
[Source "ChessBase"]
[SourceDate "2002.11.25"]
[SourceVersion "1"]
[SourceVersionDate "2002.11.25"]
[SourceQuality "1"]

1. e4 e5 2. Nf3 Nc6 3. Bc4 Bc5 4. c3 Nf6 5. d4 exd4 6. cxd4 Bb4+ 7. Bd2 Bxd2+ 8. Nbxd2 d5 9. exd5 Nxd5 10. Qb3 Be6 11. Qxb7 Ndb4 12. Qb5 Rb8 13. Qc5 Bxc4 14. Qxc4 Nxd4 15. Nxd4 Qxd4 16. Qe2+ Kd7 17. 0-0 1/2-1/2

[Event "GER-ch U12"]
[Site "Willingen"]
[Date "2001.06.06"]
[Round "7"]
[White "Ferstl, Ruth"]
[Black "Laake, Tamara"]
[Result "0-1"]
[WhiteElo "932"]
[BlackElo "1071"]
[PlyCount "68"]
[EventDate "2001.06.03"]
[EventType "swiss"]
[EventRounds "11"]
[EventCountry "GER"]
[SourceTitle "EXT 2003"]
[Source "ChessBase"]
[SourceDate "2002.11.25"]
[SourceVersion "1"]
[SourceVersionDate "2002.11.25"]
[SourceQuality "1"]

1. e4 e5 2. Nc3 Bb4 3. f4 d6 4. Nf3 Nc6 5. Bc4 Nf6 6. a3 Bc5 7. Bb5 Bd7 8. Bxc6 Bxc6 9. d4 exd4 10. Nxd4 Bxe4 11. 0-0 0-0 12. Re1 Re8 13. Be3 Bg6 14. Rc1 Bh5 15. Qd3 c6 16. Nf5 Bxe3+ 17. Rxe3 Rxe3 18. Nxe3 Qb6 19. Kh1 Re8 20. Nc4 Qf2 21. Rf1 Re1 22. Ne3 Nd5 23. Ncxd5 Be2 24. h3 Bxd3 25. cxd3 Rxf1+ 26. Nxf1 Qxf1+ 27. Kh2 cxd5 28. d4 Qxf4+ 29. Kh1 Qxd4 30. b3 Qf2 31. g3 d4 32. b4 d3 33. h4 d2 34. a4 d1Q# 0-1

[Event "GER-ch U12"]
[Site "Willingen"]
[Date "2001.06.05"]
[Round "5"]
[White "Rietze, Clemens"]
[Black "Laake, Tamara"]
[Result "1-0"]
[WhiteElo "1247"]
[BlackElo "1071"]
[PlyCount "109"]
[EventDate "2001.06.03"]
[EventType "swiss"]
[EventRounds "11"]
[EventCountry "GER"]
[SourceTitle "EXT 2003"]
[Source "ChessBase"]
[SourceDate "2002.11.25"]
[SourceVersion "1"]
[SourceVersionDate "2002.11.25"]
[SourceQuality "1"]

1. e4 e5 2. Nc3 Nf6 3. f4 exf4 4. e5 Ng8 5. Nf3 Nc6 6. Bc4 Bb4 7. d4 d6 8. Bxf4 dxe5 9. Bxe5 f6 10. Bg3 Bg4 11. 0-0 Qd7 12. Re1+ Nge7 13. Qd3 0-0-0 14. h3 Bf5 15. Qd2 g5 16. a3 Ba5 17. b4 Bb6 18. Bf2 Rhe8 19. Kh1 h5 20. Kg1 g4 21. Nh4 Ng6 22. Nxf5 Qxf5 23. Bd3 Qg5 24. Qxg5 fxg5 25. Rxe8 Rxe8 26. Bxg6 Rf8 27. Bxh5 gxh3 28. Bg4+ Kb8 29. Bxh3 Nxd4 30. Rf1 a6 31. Nd1 Ne2+ 32. Kh2 Rh8 33. Bxb6 cxb6 34. Ne3 Kc7 35. Rf7+ Kb8 36. Rg7 Re8 37. Nd5 Nd4 38. Rxg5 Re2 39. Rg3 Nxc2 40. Rd3 Ka7 41. Nf4 Re1 42. g4 Ne3 43. Kg3 Nc2 44. g5 Re8 45. g6 Ne3 46. g7 Nc4 47. Bf5 Rg8 48. Nh5 Ne5 49. Rd5 Nc6 50. Be6 Ne7 51. Bxg8 Nxg8 52. Kf4 b5 53. Rd8 Nh6 54. Rh8 Nf7 55. g8Q 1-0